000 00532nam a2200169Ia 4500
008 240729s9999 xx 000 0 und d
022 _a2083-831X
245 0 _aStudia Geotechnica et Mechanica
260 _aPoland
260 _bSciendo
650 _a Engineering (General). Civil engineering (General)
650 _a Engineering geology. Rock mechanics. Soil mechanics. Underground construction
650 _aTechnology
856 _uhttps://doaj.org/toc/ae573ff0ef134b238ffc009f111a67b6
942 _2ddc
942 _cDOAJEJ
999 _c70088
_d70088
945 _a1
_bMadushi Gamage
_c1
_dMadushi Gamage